000 00246nam a22001217a 4500
003 SGT
082 _a823
_bARC
100 _aARCHER JEFFERY
245 _aKANE AND ABEL
260 _aLONDON
_bPAN BOOKS
_c2009
300 _a544
942 _2ddc
_cBK
999 _c33984
_d33984